00530 2200205 4500001002100000005001700021008004100038035002400079082001100103090002100114100002100135245004800156260002900204300001800233650002500251850001200276980001500288985000600303999001500309YOGYA-0209000006514820090227040414.0 ind  0010-020900000065148 a899.23 a899.23bSat MlT aSATI, Tlis Sutan aMemutuskan pertaliancoleh Tulis Sutan Sati aJakartabDepdikbudc1978 a78 hlmc21 cm aKesusasteraan Melayu aYOPDYOG a26-09-2008 a1 aa000021854